000 00449nam a2200193Ia 4500
008 210210b2013 xxu||||| |||| 00| 0 eng d
020 _a9788131606131
041 _aeng
082 _a306.4 SHAS
100 _aSHARMA (Subhash)
245 _aSociology of literature
260 _aJaipur
_bRawat Publications
_c2013
300 _ax,206
650 _aSociology
650 _aof
650 _aliterature
690 _aCulture
906 _a069116
999 _c153219
_d153219